000 00683nam a2200289Ia 4500
005 20260324140059.0
008 008 260324s9999 xx 000 0 eng d
020 _a9781003062455
037 _aEBOOK
040 _aCRL
040 _beng
040 _cCRL
041 _2eng
041 _aeng
084 _qCRL
100 _aClyde Chitty; John Dunford
_91203056
245 0 _aState Schools
245 0 _bNew Labour and the Conservative Legacy
260 _bTaylor and Francis
260 _c1999
365 _a
365 _b150
856 _uhttp://www.taylorfrancis.com/books/9781003062455
942 _cEBOOK
999 _c1804734
_d1804734